000 00416nam a22001577a 4500
008 200126b xxu||||| |||| 00| 0 eng d
020 _a999467692x
082 _a540/Ad42h
100 _aAdhikari, Hari Sharan
245 _aA handbook of B.E. practical chemistry
260 _aKathmandu:
_bOzone Books,
_cn. d.
300 _a96p.;illus.
650 _aChemistry
650 _aChemical reaction
942 _2ddc
_cISBN
999 _c91263
_d91252